• 首页
  • 本馆介绍
  • 公告通知
  • 最新文献
  • 馆藏检索
  • 电子资源
  • 读者导购
  • 参考咨询
  • 我的图书馆
  • 登录
  • 详细信息显示
  • 放入我的书架
  • 预约/预借图书
  • 作者相关作品
  • 分类相关作品
  • 丛书相关作品
  • 出版社相关作品

书目信息

  • 表格格式
  • 工作单格式
  • 卡片格式
题名:
霍元甲
    
 
作者: 晨曲 著
分册:  
出版信息: 南京   江苏人民出版社  1984
页数: 338页
开本: 19cm
丛书名:
单 册:
中图分类: I247.43 , I247.4
科图分类:
主题词: 传记小说--中国--现代 , 小说--中国
电子资源:
ISBN:
000 00647nam0 2200265 45
001 0184008962
005 20030102052110.2
010    @dCNY1.05
091    @a10100.758
100    @a19950309d1984 em y0chiy0121 ea
101 0  @achi
102    @aCN@b320000
105    @af z 000ay
106    @ar
200 10 @a霍元甲@Ahuo yuan jia@f晨曲著
210    @a南京@c江苏人民出版社@d1984
215    @a338页@c图@d19cm
606    @a传记小说@y中国@z现代
606 0  @a小说@x中国
690    @aI247.43@v3
690    @aI247.4
701  0 @a晨曲@Achen qu@4著
801  0 @aCN@b上海图书馆@c20030102
801  2 @aCN@bNLC@c20030102
905    @dI247.4@e200
    
    霍元甲/晨曲著.-南京:江苏人民出版社,1984
    338页:图;19cm
    
    
    ISBN :CNY1.05
    
●
相关链接 在E读中查询图书 在五车中查询图书 在当当中查询图书 在豆瓣中查询图书


正题名:霍元甲     索取号:I247.4/200         预约/预借

序号 登录号 条形码 馆藏地/架位号 状态 备注
1 0113629   000119197   第二借阅区/ [索取号:I247.4/200] 在馆    
2 0113630   000119222   第二借阅区/ [索取号:I247.4/200] 在馆    
3 0113631   000119268   第二借阅区/ [索取号:I247.4/200] 在馆    
4 0113632   000119213   第二借阅区/ [索取号:I247.4/200] 在馆    
5 0113633   000119259   修补库/ [索取号:I247.4/200] 在馆    
6 0113634   000119204   第二借阅区/ [索取号:I247.4/200] 在馆    
7 0113635   000119188   第二借阅区/ [索取号:I247.4/200] 在馆    
8 0113636   000119240   第二借阅区/ [索取号:I247.4/200] 在馆    
9 0113637   000119231   第一样本阅览室/ [索取号:I247.4/200] 在馆    
唐山师范学院图书馆 欢迎您!
大连网信软件有限公司© 版权所有